National Assembly Library of Thailand
มุมมองปกติ มุมมองแบบ MARC
  • สิทธิมนุษยชน

รายการ Topical Term

จำนวนระเบียนที่ใช้: 29

001 - CONTROL NUMBER

  • control field: 12544

003 - CONTROL NUMBER IDENTIFIER

  • control field: NALT

005 - DATE AND TIME OF LATEST TRANSACTION

  • control field: 20170829082407.0

008 - FIXED-LENGTH DATA ELEMENTS

  • fixed length control field: 170817|| aca||aabn | a|a d

040 ## - CATALOGING SOURCE

  • Original cataloging agency: NALT
  • Transcribing agency: NALT

150 ## - HEADING--TOPICAL TERM

  • Topical term or geographic name entry element: สิทธิมนุษยชน
  • Geographic subdivision: ไทย

670 ## - SOURCE DATA FOUND

  • Source citation: Work cat.: (NALT)12375: เสน่ห์ จามริก 12543, สิทธิมนุษยชน : เส้นทางสู่สันติประชาธรรม [2545], 2545
หอสมุดรัฐสภา
สำนักงานเลขาธิการสภาผู้แทนราษฎร เลขที่ 1111 ถนนสามเสน แขวงถนนนครไชยศรี เขตดุสิต กรุงเทพฯ 10300
The Secretariat of the House of Representatives 1111 Samsen Road, Thanon Nakhon Chai Si, Dusit, Bangkok 10300, THAILAND
โทรศัพท์: +66(0) 2242 5900 ต่อ 5714-5 โทรสาร: +66(0) 2242 5990 อีเมล: [email protected]